|
|
|
|
| LEADER |
00831nam a2200229 a 4500 |
| 001 |
GR-MES2735 |
| 008 |
991111s1997 gr 000 0 gre d |
| 020 |
|
|
|a 0789707861
|
| 040 |
|
|
|a GrPaTEI
|b gre
|c GR-PaULI
|
| 245 |
0 |
0 |
|a Οπτικός οδηγός HTML.
|
| 260 |
|
|
|a Αθήνα :
|b Γκιούρδας,
|c 1997
|
| 300 |
|
|
|a 182σελ. :
|b εικ.
|
| 650 |
|
0 |
|a H/Y
|
| 650 |
|
0 |
|a HTML
|
| 650 |
|
0 |
|a INTERNET
|
| 650 |
|
4 |
|a ΓΛΩΣΣΑ ΣΗΜΑΝΣΗΣ ΥΠΕΡΚΕΙΜΕΝΟΥ
|
| 700 |
1 |
|
|a Scharf, Dean
|
| 700 |
1 |
|
|a Σαμαράς, Γιάννης Β.
|
| 942 |
|
|
|2 ddc
|
| 952 |
|
|
|0 0
|1 0
|2 ddc
|4 0
|6 004_678000000000000_SCH
|7 0
|9 267161
|a MSLG
|b MSLG
|c BSC
|d 2021-01-17
|e 24
|f 0
|g 0.00
|l 0
|o 004.678 SCH
|p 2420000007004
|r 2021-01-17 00:00:00
|t 1
|w 2021-01-17
|y BK15
|x 19991111 0 1
|x GrPaTEI
|
| 971 |
|
|
|a .b25737806
|b 16-04-20
|c 13-09-16
|
| 999 |
|
|
|c 153792
|d 153792
|